[Event "zonal 1.3 (w)"]
[Site "Linkoping SWE"]
[Date "1995.02.??"]
[Round "1"]
[White "Guindy, Esmat"]
[Black "Johnsen, Sylvia"]
[Result "0-1"]
[WhiteElo "2045"]
[BlackElo "2050"]
[EventDate "1995.02.04"]
[PlyCount "74"]

1.d4 d5 2.c4 e6 3.Nc3 Nf6 4.cxd5 exd5 5.Bg5 Be7 6.e3 Nbd7 7.Qc2 h6 8.Bh4 
O-O 9.Bd3 b6 10.Nge2 Bb7 11.O-O c5 12.Bf5 c4 13.Rad1 a6 14.a4 Bc6 15.e4 b5
16.e5 Ne8 17.Bxe7 Qxe7 18.Nf4 Nc7 19.e6 Nf6 20.Rfe1 Qd6 21.axb5 axb5 22.
Re5 b4 23.exf7+ Rxf7 24.Bg6 Rff8 25.Ncxd5 Nfxd5 26.Bh7+ Kh8 27.Ng6+ Kxh7 
28.Nxf8+ Kg8 29.Qg6 Nf6 30.Nh7 Ne4 31.Qxd6 Nxd6 32.Rc5 Ba4 33.Re1 Nce8 34.
Re7 Kxh7 35.g4 Bd1 36.g5 c3 37.bxc3 b3 0-1

[Event "zonal 1.3 (w)"]
[Site "Linkoping SWE"]
[Date "1995.02.??"]
[Round "1"]
[White "Hoiberg, Nina"]
[Black "Jiretorn, Eva"]
[Result "1-0"]
[WhiteElo "2260"]
[BlackElo "2170"]
[EventDate "1995.02.04"]
[PlyCount "111"]

1.e4 c5 2.Nf3 d6 3.d4 cxd4 4.Nxd4 Nf6 5.Nc3 g6 6.Be2 Bg7 7.O-O O-O 8.Re1 
Nc6 9.Nb3 a5 10.a4 Be6 11.Ra3 Nd7 12.Nd5 Rc8 13.c3 b6 14.Bg5 h6 15.Bh4 g5 
16.Bg3 Nc5 17.Bf1 f5 18.exf5 Bxf5 19.Nxc5 bxc5 20.Rb3 e5 21.Rb7 Be6 22.Bb5
Rf7 23.Rxf7 Bxf7 24.Qf3 Ne7 25.Nf6+ Bxf6 26.Qxf6 Ng6 27.Qf3 Qe7 28.Qd3 Rd8
29.f3 Qf6 30.c4 Nf4 31.Qd2 d5 32.cxd5 Bxd5 33.Bxf4 Qxf4 34.Qxa5 Rf8 35.Qc3
Qd4+ 36.Qxd4 exd4 37.Re5 Bb3 38.Rxc5 Kg7 39.Rc7+ Kf6 40.Kf2 Rd8 41.Rd7 Rc8
42.Rxd4 Rc2+ 43.Ke3 Rxg2 44.Rd2 Rg1 45.a5 Ra1 46.a6 Ke5 47.Rd3 Bd5 48.Ra3 
Rh1 49.Bd3 Rxh2 50.Ra5 Rxb2 51.Be4 Rb3+ 52.Ke2 Rb2+ 53.Kf1 g4 54.Rxd5+ Kf4
55.a7 gxf3 56.Rf5+ 1-0

[Event "zonal 1.3 (w)"]
[Site "Linkoping SWE"]
[Date "1995.02.??"]
[Round "1"]
[White "Paasikangas, Johanna"]
[Black "Berntsen, Sheila Barth"]
[Result "1-0"]
[WhiteElo "2140"]
[BlackElo "2115"]
[EventDate "1995.02.04"]
[PlyCount "83"]

1.d4 c5 2.d5 f5 3.c4 Nf6 4.Nc3 g6 5.Bg5 Bg7 6.e3 d6 7.h4 Ne4 8.Nxe4 fxe4 
9.Qd2 Nd7 10.Ne2 Ne5 11.Ng3 Bf5 12.h5 Rf8 13.hxg6 Bxg6 14.Nh5 Bxh5 15.Rxh5
Qb6 16.Rxh7 Rf7 17.Rh4 Rf5 18.Bh6 Bxh6 19.Rxh6 O-O-O 20.Rh4 Rdf8 21.Rf4 
R5f6 22.O-O-O Qb4 23.Qxb4 cxb4 24.g3 Rh8 25.Be2 Rh2 26.Rf1 Kc7 27.Kd2 Rg2 
28.Ke1 Rh6 29.Rxe4 Rhh2 30.Rf4 b3 31.axb3 Kb6 32.b4 a5 33.c5+ Kc7 34.cxd6+
Kxd6 35.bxa5 Kxd5 36.Rb4 Kc6 37.Rb6+ Kc7 38.Re6 Nc6 39.Bf3 Kd7 40.Rxc6 
bxc6 41.Bxg2 Rxg2 42.Rh1 1-0

[Event "zonal 1.3 (w)"]
[Site "Linkoping SWE"]
[Date "1995.02.??"]
[Round "1"]
[White "Stewart, Tanya"]
[Black "Johansson, Viktoria"]
[Result "0-1"]
[WhiteElo "2050"]
[BlackElo "2140"]
[EventDate "1995.02.04"]
[PlyCount "100"]

1.e4 c5 2.Nf3 Nc6 3.d4 cxd4 4.Nxd4 g6 5.Nc3 Bg7 6.Be3 Nf6 7.Bc4 O-O 8.Bb3 
d6 9.f3 Bd7 10.Qd2 Rc8 11.O-O-O Ne5 12.h4 Nc4 13.Bxc4 Rxc4 14.h5 Nxh5 15.
g4 Nf6 16.Bh6 Bxh6 17.Qxh6 Rxc3 18.bxc3 Qa5 19.Nf5 Bxf5 20.gxf5 Qxc3 21.
fxg6 fxg6 22.Rdg1 Kf7 23.Qg5 Ke8 24.Qb5+ Qc6 25.Qxc6+ bxc6 26.e5 Nh5 27.
exd6 exd6 28.Re1+ Kd7 29.Re3 Rf7 30.Ra3 Ke6 31.Re1+ Kf6 32.Ra4 g5 33.Ra6 
Rc7 34.Re4 Nf4 35.Rea4 h5 36.Rxa7 Rxa7 37.Rxa7 h4 38.Ra3 Ne2+ 39.Kd2 h3 
40.f4 Nxf4 41.Rf3 Ke5 42.Ke3 Nd5+ 43.Kf2 g4 44.Rb3 Nf6 45.Kg3 Ne4+ 46.Kh2 
Kf4 47.a4 Nd2 48.a5 Nxb3 49.a6 Nd2 50.a7 Nf3+ 0-1

[Event "zonal 1.3 (w)"]
[Site "Linkoping SWE"]
[Date "1995.02.??"]
[Round "1"]
[White "Walta, Paivi"]
[Black "Berg, Susanne"]
[Result "0-1"]
[WhiteElo "2015"]
[BlackElo "2085"]
[EventDate "1995.02.04"]
[PlyCount "120"]

1.e4 e5 2.Nf3 Nc6 3.Bc4 Nf6 4.d3 Bc5 5.c3 d6 6.b4 Bb6 7.a4 a6 8.Qb3 Qe7 9.
a5 Ba7 10.b5 axb5 11.Bxb5 O-O 12.O-O Nd8 13.Bd2 Ne6 14.Qa3 c6 15.Ba4 Qd8 
16.Bc2 Bc5 17.Qa2 Bb6 18.c4 Nd4 19.Nxd4 Bxd4 20.Nc3 Nh5 21.Qa3 f5 22.exf5 
Bxf5 23.Ra2 Qf6 24.Qc1 Qg6 25.Ne4 Bxe4 26.dxe4 Nf4 27.Bxf4 Rxf4 28.Bb3 c5 
29.Bd1 Qf7 30.Qc2 Qg6 31.Qb3 Qf7 32.Qb5 Ra6 33.Qb3 Qc7 34.Qa4 Rf8 35.Bg4 
Rfa8 36.Be6+ Kh8 37.Qb5 Qc6 38.Bd5 Qxb5 39.cxb5 Rxa5 40.Rxa5 Rxa5 41.Rb1 
b6 42.Kf1 g5 43.Ke2 Kg7 44.f3 Ra4 45.Kd3 Kf6 46.Bb3 Rb4 47.Bc2 c4+ 48.Ke2 
Bb2 49.Rd1 Bd4 50.Rb1 Bb2 51.Rd1 Ke7 52.Rd5 Bc3 53.g3 Rb2 54.Kd1 Ra2 55.f4
gxf4 56.gxf4 Ra1+ 57.Ke2 Rh1 58.f5 Rxh2+ 59.Kd1 Bd4 60.f6+ Ke6 0-1

[Event "zonal 1.3 (w)"]
[Site "Linkoping SWE"]
[Date "1995.02.??"]
[Round "2"]
[White "Berg, Susanne"]
[Black "Johnsen, Sylvia"]
[Result "1/2-1/2"]
[WhiteElo "2085"]
[BlackElo "2050"]
[EventDate "1995.02.04"]
[PlyCount "130"]

1.e4 g6 2.d4 c6 3.c3 Bg7 4.Bf4 d6 5.Nf3 Nf6 6.Nbd2 O-O 7.Be2 b5 8.O-O a5 
9.Ne1 Qb6 10.Be3 Nbd7 11.Nd3 Ba6 12.b4 Bb7 13.Bf3 Qc7 14.a4 bxa4 15.Rxa4 
Ba6 16.Be2 axb4 17.Rxb4 c5 18.Rb1 Qa5 19.Nb3 Qc7 20.Nd2 Rfb8 21.dxc5 Bxd3 
22.Bxd3 Nxc5 23.Bc2 Qa5 24.c4 Nfd7 25.Nf3 Qc3 26.Bxc5 Nxc5 27.Qe2 Rxb1 28.
Bxb1 Rb8 29.Qa2 Rb2 30.Qa8+ Bf8 31.Qa1 Bg7 32.Qa8+ Bf8 33.Qa1 e6 34.h3 Nb3
35.Qa6 Nc5 36.Qa1 Nb3 37.Qa6 Na5 38.e5 Nxc4 39.exd6 Nxd6 40.Qa7 Rb7 41.Qa8
Rb2 42.Ng5 Qb4 43.Be4 Kg7 44.Bf3 Be7 45.Ne4 Nxe4 46.Qxe4 Qxe4 47.Bxe4 Bc5 
48.g4 f5 49.gxf5 gxf5 50.Bd3 Kf6 51.Kg2 e5 52.Ba6 h5 53.h4 e4 54.Kg3 Bd6+ 
55.Kg2 e3 56.Kf3 exf2 57.Rxf2 Rb4 58.Bd3 Rxh4 59.Kg2 Bf4 60.Rf3 Kg5 61.Rh3
Rg4+ 62.Kh1 h4 63.Be2 Rg3 64.Rxg3+ Bxg3 65.Kg2 Kf6 1/2-1/2

[Event "zonal 1.3 (w)"]
[Site "Linkoping SWE"]
[Date "1995.02.??"]
[Round "2"]
[White "Berntsen, Sheila Barth"]
[Black "Hoiberg, Nina"]
[Result "1-0"]
[WhiteElo "2115"]
[BlackElo "2260"]
[EventDate "1995.02.04"]
[PlyCount "109"]

1.d4 g6 2.c4 Bg7 3.Nc3 d6 4.e4 Nc6 5.Be3 e5 6.d5 Nce7 7.Bd3 f5 8.exf5 Nxf5
9.Bd2 Nf6 10.Nf3 Nd4 11.Ng5 Bg4 12.f3 Bd7 13.O-O O-O 14.f4 Ng4 15.Be2 
Nxe2+ 16.Qxe2 Qe7 17.Nb5 h6 18.Nf3 c6 19.Nc3 Rae8 20.h3 e4 21.Rae1 Nf6 22.
Nh4 Qf7 23.f5 gxf5 24.Nxf5 Bxf5 25.Rxf5 Qg6 26.Ref1 cxd5 27.cxd5 Nh7 28.
Rxf8+ Bxf8 29.Rf4 Nf6 30.Be3 Bg7 31.Bxa7 Qg5 32.Be3 Qe5 33.Qf2 Rf8 34.Rf5 
Qe7 35.Qg3 Kh7 36.Qh4 Nxd5 37.Qxe7 Nxe7 38.Rxf8 Bxf8 39.Nxe4 Nf5 40.Bf4 
Kg6 41.g4 Nd4 42.Bxd6 Bg7 43.b4 b5 44.Kf2 h5 45.gxh5+ Kxh5 46.Nc3 Nf5 47.
Nxb5 Nxd6 48.Nxd6 Bf8 49.b5 Bxd6 50.Ke3 Kg6 51.Kd4 Bg3 52.Kd5 Kf7 53.Kc6 
Ke8 54.b6 Kd8 55.b7 1-0

[Event "zonal 1.3 (w)"]
[Site "Linkoping SWE"]
[Date "1995.02.??"]
[Round "2"]
[White "Jiretorn, Eva"]
[Black "Stewart, Tanya"]
[Result "1-0"]
[WhiteElo "2170"]
[BlackElo "2050"]
[EventDate "1995.02.04"]
[PlyCount "75"]

1.d4 Nf6 2.c4 g6 3.Nc3 Bg7 4.e4 d6 5.Nf3 O-O 6.Be2 e5 7.O-O Nc6 8.d5 Ne7 
9.Ne1 Ne8 10.Be3 f5 11.f3 f4 12.Bf2 g5 13.a4 a5 14.c5 Kh8 15.cxd6 Nxd6 16.
Rc1 Bd7 17.Nd3 b6 18.b3 Kg8 19.Qc2 Ra7 20.Qb2 Nec8 21.Nb1 Nf7 22.Nd2 Ncd6 
23.g4 Bf6 24.Kg2 Qe7 25.Nc4 Re8 26.Rh1 h5 27.h3 h4 28.Rc2 Bc8 29.Rhc1 Ba6 
30.Nxa5 Nd8 31.Nc6 Nxc6 32.Rxc6 Bb7 33.Rxc7 Qf8 34.Bxb6 Raa8 35.Bc5 Rad8 
36.Rxb7 Bg7 37.Bxd6 Rxd6 38.Rcc7 1-0

[Event "zonal 1.3 (w)"]
[Site "Linkoping SWE"]
[Date "1995.02.??"]
[Round "2"]
[White "Johansson, Viktoria"]
[Black "Guindy, Esmat"]
[Result "1-0"]
[WhiteElo "2140"]
[BlackElo "2045"]
[EventDate "1995.02.04"]
[PlyCount "35"]

1.d4 d5 2.c4 Bf5 3.cxd5 Bxb1 4.Qa4+ c6 5.Rxb1 Qxd5 6.Nf3 Nd7 7.Qc2 Ngf6 8.
e3 e6 9.b4 Bd6 10.Be2 O-O 11.O-O e5 12.Bc4 Qe4 13.Bd3 Qg4 14.dxe5 Nxe5 15.
Nxe5 Bxe5 16.f4 Bc7 17.Rf3 h5 18.Bf5 1-0

[Event "zonal 1.3 (w)"]
[Site "Linkoping SWE"]
[Date "1995.02.??"]
[Round "2"]
[White "Walta, Paivi"]
[Black "Paasikangas, Johanna"]
[Result "0-1"]
[WhiteElo "2015"]
[BlackElo "2140"]
[EventDate "1995.02.04"]
[PlyCount "90"]

1.e4 c5 2.c3 Nf6 3.Bd3 d6 4.Bc2 Nc6 5.Ne2 d5 6.exd5 Qxd5 7.O-O e5 8.d3 Bg4
9.f3 Bh5 10.Ng3 Bg6 11.Qe2 O-O-O 12.Ne4 Nh5 13.Rd1 f5 14.Bb3 Qd7 15.Nf2 h6
16.Na3 Bd6 17.Nc4 Bc7 18.Be3 Qe7 19.Ba4 Be8 20.Bc2 Bd7 21.a3 g5 22.b4 g4 
23.Bxc5 Qh4 24.fxg4 fxg4 25.Ne4 g3 26.hxg3 Nxg3 27.Nxg3 Qxg3 28.Qf2 Qxf2+ 
29.Bxf2 Rhg8 30.b5 Ne7 31.b6 axb6 32.Nxb6+ Bxb6 33.Bxb6 Rde8 34.Bb3 Rg7 
35.d4 e4 36.d5 Nf5 37.c4 Nh4 38.Ra2 Reg8 39.Rdd2 Nf3+ 40.Kf1 Nxd2+ 41.Rxd2
Rg3 42.Rb2 e3 43.Bd1 Bf5 44.Bd4 Bd3+ 45.Ke1 Rh3 0-1

[Event "zonal 1.3 (w)"]
[Site "Linkoping SWE"]
[Date "1995.02.??"]
[Round "3"]
[White "Guindy, Esmat"]
[Black "Jiretorn, Eva"]
[Result "1/2-1/2"]
[WhiteElo "2045"]
[BlackElo "2170"]
[EventDate "1995.02.04"]
[PlyCount "94"]

1.d4 Nf6 2.c4 g6 3.Nf3 Bg7 4.Nc3 O-O 5.g3 d6 6.Bg2 c5 7.O-O Nc6 8.d5 Na5 
9.Nd2 a6 10.Qc2 Bd7 11.b3 b5 12.Bb2 Rb8 13.Rab1 Qc8 14.e4 h5 15.Nd1 bxc4 
16.bxc4 Qc7 17.Ne3 Rb4 18.Bc3 Ba4 19.Qd3 Rxb1 20.Rxb1 Ng4 21.Bxg7 Kxg7 22.
h3 Nxe3 23.Qxe3 f6 24.Qa3 Bd7 25.Qb2 Ra8 26.f4 Ra7 27.Qa3 Nb7 28.Re1 Qa5 
29.Qb2 Qb4 30.Qc1 Na5 31.e5 Bf5 32.Re3 Rb7 33.exf6+ exf6 34.Qe1 Kf7 35.g4 
hxg4 36.hxg4 Bxg4 37.Bh3 Nxc4 38.Nxc4 Qxc4 39.Bxg4 Qxa2 40.Re2 Qc4 41.Re8 
Qxf4 42.Bc8 Qd4+ 43.Qe3 Rb1+ 44.Kh2 Qh4+ 45.Bh3 Rb2+ 46.Kg1 Rb1+ 47.Kh2 
Rb2+ 1/2-1/2

[Event "zonal 1.3 (w)"]
[Site "Linkoping SWE"]
[Date "1995.02.??"]
[Round "3"]
[White "Hoiberg, Nina"]
[Black "Walta, Paivi"]
[Result "1-0"]
[WhiteElo "2260"]
[BlackElo "2015"]
[EventDate "1995.02.04"]
[PlyCount "74"]

1.e4 c5 2.Nf3 d6 3.d4 cxd4 4.Nxd4 Nf6 5.Nc3 a6 6.f4 e6 7.Be2 Be7 8.O-O 
Nbd7 9.Bf3 Qc7 10.a4 Nb6 11.Qe1 Bd7 12.Kh1 h5 13.f5 e5 14.Nb3 Bc6 15.a5 
Nbd7 16.Be3 h4 17.Qe2 h3 18.g3 Rc8 19.Rfd1 Qb8 20.Bf2 Nh7 21.Kg1 Ng5 22.
Bh1 Nf6 23.Nd2 Bd7 24.Be3 Nfh7 25.Nc4 Rc6 26.Nb6 Rxc3 27.bxc3 Bc6 28.Nd5 
Bd8 29.c4 Nf8 30.Nb4 Bd7 31.Qd2 Nfh7 32.c5 Nf6 33.cxd6 Ng4 34.Bc5 Nh7 35.
Nd5 Nhf6 36.Nxf6+ Bxf6 37.Rab1 Qc8 1-0

[Event "zonal 1.3 (w)"]
[Site "Linkoping SWE"]
[Date "1995.02.??"]
[Round "3"]
[White "Johnsen, Sylvia"]
[Black "Johansson, Viktoria"]
[Result "1/2-1/2"]
[WhiteElo "2050"]
[BlackElo "2140"]
[EventDate "1995.02.04"]
[PlyCount "53"]

1.e4 c6 2.c3 d5 3.exd5 cxd5 4.d4 Nc6 5.Nf3 g6 6.Be3 Bg7 7.Bd3 Nh6 8.h3 O-O
9.O-O f6 10.Qd2 Nf7 11.c4 e5 12.cxd5 Nxd4 13.Nxd4 exd4 14.Bxd4 Qxd5 15.Bc2
Be6 16.Nc3 Qa5 17.Rfe1 Ne5 18.Qe3 Bf7 19.Ne4 Rfe8 20.Qf4 f5 21.Bc3 Qc7 22.
Ng5 Bd5 23.Bb3 Bxb3 24.axb3 Rac8 25.Re3 h6 26.Nf3 Nxf3+ 27.Qxf3 1/2-1/2

[Event "zonal 1.3 (w)"]
[Site "Linkoping SWE"]
[Date "1995.02.??"]
[Round "3"]
[White "Paasikangas, Johanna"]
[Black "Berg, Susanne"]
[Result "1-0"]
[WhiteElo "2140"]
[BlackElo "2085"]
[EventDate "1995.02.04"]
[PlyCount "61"]

1.d4 d5 2.c4 e6 3.cxd5 exd5 4.Nc3 c5 5.Nf3 Nc6 6.dxc5 Nf6 7.Bg5 Be7 8.e3 
O-O 9.Rb1 Qa5 10.Bb5 Qb4 11.O-O Be6 12.Rc1 Qxb2 13.Qa4 a5 14.Bxc6 bxc6 15.
Nd4 Bd7 16.Bxf6 Bxf6 17.Nxd5 cxd5 18.Qxd7 Bxd4 19.exd4 Qxa2 20.c6 Rad8 21.
Qa7 Ra8 22.Qc5 a4 23.c7 Rac8 24.h3 h6 25.Rfe1 Qd2 26.Re3 Qb2 27.Rec3 Qb7 
28.Qd6 Rfe8 29.Qd7 Re4 30.Rf3 a3 31.Rxf7 1-0

[Event "zonal 1.3 (w)"]
[Site "Linkoping SWE"]
[Date "1995.02.??"]
[Round "3"]
[White "Stewart, Tanya"]
[Black "Berntsen, Sheila Barth"]
[Result "1/2-1/2"]
[WhiteElo "2050"]
[BlackElo "2115"]
[EventDate "1995.02.04"]
[PlyCount "43"]

1.e4 e6 2.d4 d5 3.Nc3 Bb4 4.exd5 exd5 5.Qf3 c5 6.dxc5 Qf6 7.Bd2 Be6 8.
O-O-O Bxc5 9.Nxd5 Qxf3 10.Nxf3 Bxd5 11.Bg5 f6 12.Rxd5 Bxf2 13.Bb5+ Nc6 14.
Rd2 Bc5 15.Re1+ Ne7 16.Bxc6+ bxc6 17.Be3 Bxe3 18.Rxe3 Rc8 19.Nh4 Rc7 20.
Red3 O-O 21.Rd7 Rfc8 22.c4 1/2-1/2

[Event "zonal 1.3 (w)"]
[Site "Linkoping SWE"]
[Date "1995.02.??"]
[Round "4"]
[White "Berg, Susanne"]
[Black "Johansson, Viktoria"]
[Result "0-1"]
[WhiteElo "2085"]
[BlackElo "2140"]
[EventDate "1995.02.04"]
[PlyCount "84"]

1.e4 c6 2.d4 d5 3.Nd2 dxe4 4.Nxe4 Bf5 5.Ng3 Bg6 6.h4 h6 7.Nf3 Nd7 8.h5 Bh7
9.Bd3 Bxd3 10.Qxd3 e6 11.Bd2 Ngf6 12.O-O-O Qc7 13.Ne4 O-O-O 14.g3 Nxe4 15.
Qxe4 Bd6 16.Kb1 Rhe8 17.Rde1 a6 18.Bc1 Kb8 19.Ne5 Nxe5 20.dxe5 Bc5 21.Be3 
Bxe3 22.Qxe3 Rd5 23.c4 Rd7 24.Rd1 Red8 25.Rxd7 Qxd7 26.Kc1 Kc7 27.Kc2 Qd4 
28.Qe2 b5 29.cxb5 axb5 30.Kb1 Rd5 31.f4 Qb4 32.Rd1 Rxd1+ 33.Qxd1 Qe4+ 34.
Ka1 Qd5 35.Qxd5 exd5 36.g4 c5 37.Kb1 d4 38.Kc2 Kc6 39.g5 Kd5 40.b3 b4 41.
Kd3 hxg5 42.fxg5 Kxe5 0-1

[Event "zonal 1.3 (w)"]
[Site "Linkoping SWE"]
[Date "1995.02.??"]
[Round "4"]
[White "Berntsen, Sheila Barth"]
[Black "Guindy, Esmat"]
[Result "0-1"]
[WhiteElo "2115"]
[BlackElo "2045"]
[EventDate "1995.02.04"]
[PlyCount "80"]

1.d4 d5 2.c4 Bf5 3.Nf3 e6 4.Qb3 Nc6 5.Bd2 Rb8 6.cxd5 exd5 7.Nc3 Nf6 8.Bg5 
Be6 9.e3 Be7 10.Bb5 O-O 11.Bxc6 bxc6 12.Qc2 Nd7 13.Bxe7 Qxe7 14.O-O c5 15.
b3 cxd4 16.exd4 c5 17.Rfe1 cxd4 18.Nxd4 Qc5 19.Rad1 Rfc8 20.Re3 Nf6 21.Qd2
Bg4 22.f3 Bd7 23.Nce2 Re8 24.Rc3 Qb6 25.Kh1 a5 26.Ng3 a4 27.Ngf5 g6 28.Qg5
Bxf5 29.Nxf5 Qe6 30.g4 axb3 31.Qh6 Nh5 32.Nd4 Qe1+ 33.Rxe1 Rxe1+ 34.Kg2 b2
35.Nc2 Re2+ 36.Kf1 Rxc2 37.Rxc2 b1=Q+ 38.Rc1 Qd3+ 39.Kg1 Qd4+ 40.Kh1 Qf4 
0-1

[Event "zonal 1.3 (w)"]
[Site "Linkoping SWE"]
[Date "1995.02.??"]
[Round "4"]
[White "Jiretorn, Eva"]
[Black "Johnsen, Sylvia"]
[Result "1/2-1/2"]
[WhiteElo "2170"]
[BlackElo "2050"]
[EventDate "1995.02.04"]
[PlyCount "75"]

1.d4 g6 2.Nf3 Bg7 3.c4 Nf6 4.Nc3 O-O 5.e4 d6 6.Be2 e5 7.O-O Nc6 8.d5 Ne7 
9.b4 Nd7 10.Nd2 f5 11.f3 Bh6 12.Nb3 Bxc1 13.Rxc1 f4 14.a4 Nf6 15.c5 Rf7 
16.Qe1 g5 17.g4 fxg3 18.hxg3 Ng6 19.Rf2 Rg7 20.Bf1 g4 21.f4 exf4 22.gxf4 
g3 23.Rf3 Nh5 24.f5 Qh4 25.Bg2 Qh2+ 26.Kf1 Nh4 27.Qe2 Nxf3 28.Qxf3 Qh4 29.
Ne2 Rg4 30.cxd6 cxd6 31.Rc7 Nf4 32.Qc3 Nxg2 33.Rxc8+ Rxc8 34.Qxc8+ Kg7 35.
Qd7+ Kh8 36.Kxg2 Rg7 37.Qc8+ Rg8 38.Qc3+ 1/2-1/2

[Event "zonal 1.3 (w)"]
[Site "Linkoping SWE"]
[Date "1995.02.??"]
[Round "4"]
[White "Paasikangas, Johanna"]
[Black "Hoiberg, Nina"]
[Result "1/2-1/2"]
[WhiteElo "2140"]
[BlackElo "2260"]
[EventDate "1995.02.04"]
[PlyCount "190"]

1.d4 d6 2.Nf3 Bg4 3.c4 Bxf3 4.exf3 c6 5.Nc3 Nd7 6.Be3 Ngf6 7.Bd3 e5 8.O-O 
Be7 9.f4 O-O 10.Qf3 Re8 11.Rad1 exf4 12.Bxf4 Nf8 13.d5 c5 14.Bf5 Ng6 15.a3
Nxf4 16.Qxf4 g6 17.Bh3 Nh5 18.Qf3 Bf6 19.Rfe1 Be5 20.g3 a6 21.Qd3 f5 22.
Re3 Qf6 23.Rde1 Ng7 24.Rc1 Bd4 25.Rxe8+ Rxe8 26.b4 Qe5 27.Bg2 Nh5 28.Kf1 
Nf6 29.Ne2 Bb2 30.Rc2 Bd4 31.Bf3 Ne4 32.Nxd4 Qxd4 33.Qxd4 cxd4 34.Be2 Rc8 
35.Bd3 Nc3 36.Ke1 Kg7 37.Kd2 Nb1+ 38.Kd1 Nxa3 39.Rc1 b5 40.c5 dxc5 41.bxc5
Kf6 42.f4 Ke7 43.Kd2 Kd7 44.Bf1 Re8 45.Kd3 Nc4 46.Kxd4 Nd2 47.Kd3 Nxf1 48.
Rxf1 Re4 49.Rc1 Kc7 50.h3 h5 51.Ra1 Rc4 52.Rxa6 Rxc5 53.Rxg6 Rxd5+ 54.Kc3 
h4 55.gxh4 Kd7 56.h5 Ke7 57.h6 Rc5+ 58.Kb3 Rc8 59.Rb6 Rh8 60.Kb4 Kf7 61.
Kxb5 Re8 62.Kc5 Kg8 63.Rf6 Kh7 64.Kd5 Re3 65.h4 Rh3 66.Ke5 Rxh4 67.Kxf5 
Rh5+ 68.Kg4 Rh1 69.Re6 Rg1+ 70.Kf5 Ra1 71.Kf6 Kxh6 72.Kf7+ Kh5 73.f5 Ra7+ 
74.Re7 Ra6 75.f6 Kh6 76.Re6 Ra8 77.Re7 Ra6 78.Rd7 Kg5 79.Rd5+ Kh6 80.Rd7 
Ra8 81.Ke6 Ra6+ 82.Rd6 Ra1 83.Ke7 Ra8 84.Rd8 Ra7+ 85.Rd7 Ra8 86.Kf7 Ra6 
87.Re7 Ra8 88.Re8 Ra7+ 89.Ke6 Ra6+ 90.Kf5 Ra5+ 91.Re5 Ra6 92.Rb5 Kh7 93.
Rb7+ Kh6 94.Rd7 Ra5+ 95.Ke6 Ra6+ 1/2-1/2

[Event "zonal 1.3 (w)"]
[Site "Linkoping SWE"]
[Date "1995.02.??"]
[Round "4"]
[White "Walta, Paivi"]
[Black "Stewart, Tanya"]
[Result "1/2-1/2"]
[WhiteElo "2015"]
[BlackElo "2050"]
[EventDate "1995.02.04"]
[PlyCount "125"]

1.e4 c5 2.c3 d5 3.exd5 Qxd5 4.d4 Nf6 5.Nf3 Nc6 6.Na3 a6 7.Nc4 Bg4 8.Nb6 
Qe4+ 9.Be3 Rd8 10.Bd3 Bxf3 11.Bxe4 Bxd1 12.Bxc6+ bxc6 13.Rxd1 cxd4 14.Rxd4
Rxd4 15.Bxd4 Nd5 16.Nc4 f6 17.f3 e5 18.Ba7 Be7 19.Kf2 Kf7 20.Rd1 Ra8 21.
Be3 Rb8 22.g3 g5 23.Rd2 Ke6 24.Ke2 f5 25.Na5 Rc8 26.a3 g4 27.Bf2 Bg5 28.
Rd1 gxf3+ 29.Kxf3 e4+ 30.Ke2 Rb8 31.Nc4 f4 32.gxf4 Nxf4+ 33.Kf1 Nd3 34.Bg3
Rf8+ 35.Kg1 Bf4 36.Bxf4 Rxf4 37.Rd2 Rg4+ 38.Kh1 Ne1 39.Ne3 Rf4 40.Re2 Nd3 
41.Kg2 Rf3 42.Kg1 Nf4 43.Re1 Nd3 44.Re2 Nf4 45.Re1 Nh3+ 46.Kg2 Nf4+ 47.Kg1
Nh3+ 48.Kg2 Ke5 49.Nd1 Nf4+ 50.Kg1 Nh3+ 51.Kg2 Kf4 52.Re2 Rd3 53.Nf2 Nxf2 
54.Kxf2 e3+ 55.Ke1 Kf3 56.h4 Rd5 57.Rh2 Kg3 58.Re2 Kf3 59.Rh2 Ke4 60.Rg2 
h5 61.Rh2 Kd3 62.Rg2 Ke4 63.Rg6 1/2-1/2

[Event "zonal 1.3 (w)"]
[Site "Linkoping SWE"]
[Date "1995.02.??"]
[Round "5"]
[White "Guindy, Esmat"]
[Black "Walta, Paivi"]
[Result "1-0"]
[WhiteElo "2045"]
[BlackElo "2015"]
[EventDate "1995.02.04"]
[PlyCount "107"]

1.d4 Nf6 2.c4 c5 3.d5 b5 4.cxb5 a6 5.f3 g6 6.e4 d6 7.Nc3 Bg7 8.Be3 O-O 9.
Nge2 axb5 10.Nxb5 Ba6 11.Nec3 Nfd7 12.Qd2 Re8 13.Be2 Nb6 14.O-O N8d7 15.f4
Qb8 16.a4 Qb7 17.a5 Nc8 18.Rab1 Na7 19.Na3 Bxe2 20.Qxe2 Qb4 21.Nc4 Reb8 
22.Ra1 Nb5 23.Nxb5 Qxb5 24.Rfb1 Qa6 25.Ra3 Rb4 26.b3 Rab8 27.Qc2 Qb5 28.
Rd1 Rxb3 29.Rxb3 Qxb3 30.Qxb3 Rxb3 31.Rc1 Nf6 32.a6 Rb8 33.a7 Ra8 34.Ra1 
Nd7 35.Ra3 Kf8 36.e5 dxe5 37.fxe5 Bxe5 38.Nxe5 Nxe5 39.Bxc5 Ke8 40.g4 Nd7 
41.Bf2 Kd8 42.Rh3 Nf8 43.Rc3 Nd7 44.Kg2 Nf6 45.Rf3 Ke8 46.g5 Nxd5 47.Rb3 
Kd7 48.Rb8 Nc7 49.Bb6 Kc6 50.Bxc7 Rxa7 51.Bg3 f6 52.Rh8 h5 53.gxh6 e6 54.
h7 1-0

[Event "zonal 1.3 (w)"]
[Site "Linkoping SWE"]
[Date "1995.02.??"]
[Round "5"]
[White "Hoiberg, Nina"]
[Black "Berg, Susanne"]
[Result "1-0"]
[WhiteElo "2260"]
[BlackElo "2085"]
[EventDate "1995.02.04"]
[PlyCount "81"]

1.e4 e5 2.Nc3 Nf6 3.g3 Bc5 4.Bg2 d6 5.h3 a6 6.Nge2 Nc6 7.O-O O-O 8.Nd5 
Nxd5 9.exd5 Nd4 10.Nxd4 exd4 11.d3 Re8 12.Bd2 Bb6 13.Qf3 Bd7 14.Rae1 Rxe1 
15.Rxe1 Qf8 16.Qh5 Re8 17.Rxe8 Qxe8 18.Be4 g6 19.Qh4 f5 20.Bf3 c6 21.Bg5 
Qf7 22.Be7 Bc7 23.Bf6 c5 24.Bg5 b5 25.Kg2 Bc8 26.c4 dxc3 27.bxc3 Bb7 28.c4
b4 29.Bd1 Bc8 30.d4 Bd7 31.Qf4 cxd4 32.Qxd4 Qe8 33.Bc2 a5 34.c5 Qe5 35.
Qxe5 dxe5 36.c6 Bc8 37.Be7 Kf7 38.d6 Be6 39.Bb3 Bxd6 40.Bxd6 Bxb3 41.axb3 
1-0

[Event "zonal 1.3 (w)"]
[Site "Linkoping SWE"]
[Date "1995.02.??"]
[Round "5"]
[White "Johansson, Viktoria"]
[Black "Jiretorn, Eva"]
[Result "1-0"]
[WhiteElo "2140"]
[BlackElo "2170"]
[EventDate "1995.02.04"]
[PlyCount "79"]

1.d4 Nf6 2.c4 g6 3.Nc3 Bg7 4.e4 d6 5.Nf3 O-O 6.Be2 e5 7.O-O Nc6 8.d5 Ne7 
9.Nd2 a5 10.Rb1 Nd7 11.a3 f5 12.b4 Kh8 13.Qc2 fxe4 14.Ndxe4 Nf5 15.c5 Nd4 
16.Qd1 axb4 17.axb4 Nf6 18.Bg5 Bf5 19.Bd3 Qd7 20.cxd6 cxd6 21.f3 Nh5 22.g3
Rf7 23.Be3 Bxe4 24.Nxe4 Ra3 25.Ng5 Rf8 26.Bxd4 exd4 27.Ne6 Re8 28.Rc1 Rxe6
29.dxe6 Qxe6 30.Re1 Qd7 31.Bb5 Qxb5 32.Rc8+ Bf8 33.Rxf8+ Kg7 34.Rfe8 Qxb4 
35.R8e7+ Kg8 36.Qc1 Qc5 37.Qh6 d3+ 38.Kf1 Qd5 39.Qxh7+ Kf8 40.Re8# 1-0

[Event "zonal 1.3 (w)"]
[Site "Linkoping SWE"]
[Date "1995.02.??"]
[Round "5"]
[White "Johnsen, Sylvia"]
[Black "Berntsen, Sheila Barth"]
[Result "1/2-1/2"]
[WhiteElo "2050"]
[BlackElo "2115"]
[EventDate "1995.02.04"]
[PlyCount "98"]

1.Nf3 Nf6 2.c4 g6 3.g3 Bg7 4.Bg2 O-O 5.O-O c6 6.Nc3 d6 7.d4 Nbd7 8.b3 Re8 
9.Bb2 e5 10.dxe5 dxe5 11.e3 a5 12.Ng5 Nc5 13.Nge4 Ncxe4 14.Nxe4 Nxe4 15.
Bxe4 Qe7 16.Qc2 a4 17.Bc3 Qc5 18.Rac1 Ra6 19.b4 Qe7 20.a3 f5 21.Bf3 Be6 
22.Be2 Raa8 23.Qb2 Qf7 24.Bxe5 Bxe5 25.Qxe5 Bxc4 26.Bxc4 Rxe5 27.Bxf7+ 
Kxf7 28.Rfd1 Ke7 29.Kf1 Rd8 30.Rxd8 Kxd8 31.Rd1+ Kc7 32.Ke2 c5 33.f4 Re4 
34.bxc5 Rc4 35.Rd4 Rxc5 36.Rxa4 Rc2+ 37.Kf3 Rxh2 38.e4 fxe4+ 39.Rxe4 Kc6 
40.Rb4 Ra2 41.a4 b6 42.g4 Ra3+ 43.Ke4 Rg3 44.g5 Rg1 45.Ke5 Rd1 46.Rc4+ Kb7
47.f5 gxf5 48.Rh4 Rd7 49.Kxf5 Ka6 1/2-1/2

[Event "zonal 1.3 (w)"]
[Site "Linkoping SWE"]
[Date "1995.02.??"]
[Round "5"]
[White "Stewart, Tanya"]
[Black "Paasikangas, Johanna"]
[Result "0-1"]
[WhiteElo "2050"]
[BlackElo "2140"]
[EventDate "1995.02.04"]
[PlyCount "138"]

1.e4 c5 2.Nf3 d6 3.d4 cxd4 4.Nxd4 Nf6 5.Nc3 g6 6.Be3 Bg7 7.f3 O-O 8.Qd2 
Nc6 9.Bc4 Nd7 10.Bb3 Nb6 11.h4 Na5 12.Qd3 Nxb3 13.Nxb3 Be6 14.O-O-O Rc8 
15.Bd4 Bxb3 16.axb3 f6 17.h5 Kf7 18.h6 Bh8 19.f4 Rc6 20.Bxb6 Qxb6 21.f5 
Qa5 22.Qd5+ Qxd5 23.Nxd5 e6 24.Ne3 exf5 25.exf5 Re8 26.Rd3 b5 27.Rf1 Rc5 
28.g4 Re4 29.Rf3 Rce5 30.Kd2 d5 31.Nxd5 Rxg4 32.fxg6+ hxg6 33.Nf4 f5 34.
Rd7+ Re7 35.Rxe7+ Kxe7 36.Nd3 Rh4 37.h7 Rxh7 38.c3 Kf6 39.Nf4 g5 40.Nd5+ 
Ke5 41.c4 Rh2+ 42.Ke1 f4 43.Nc3 bxc4 44.bxc4 Rxb2 45.c5 Kf5 46.Rd3 Bxc3+ 
47.Rxc3 Rb7 48.c6 Rc7 49.Kf2 g4 50.Rc5+ Ke4 51.Rc4+ Ke5 52.Rc5+ Kd4 53.Rf5
Ke4 54.Rc5 a5 55.Rc4+ Ke5 56.Ke2 a4 57.Kd3 a3 58.Rc5+ Kd6 59.Ra5 Kxc6 60.
Rxa3 Rf7 61.Ke2 f3+ 62.Kf1 Rh7 63.Kg1 Rh3 64.Ra1 Kd5 65.Ra5+ Ke4 66.Ra4+ 
Kf5 67.Rb4 Kg5 68.Kf2 Rh2+ 69.Kg1 Rc2 0-1

[Event "zonal 1.3 (w)"]
[Site "Linkoping SWE"]
[Date "1995.02.??"]
[Round "6"]
[White "Berg, Susanne"]
[Black "Jiretorn, Eva"]
[Result "1-0"]
[WhiteElo "2085"]
[BlackElo "2170"]
[EventDate "1995.02.04"]
[PlyCount "72"]

1.e4 c5 2.Nf3 a6 3.b3 e6 4.Bb2 Nc6 5.d4 cxd4 6.Nxd4 Qf6 7.c3 Bc5 8.Be2 
Nge7 9.O-O O-O 10.Nf3 Ng6 11.Bc1 h6 12.Be3 d6 13.Qc1 e5 14.Bxc5 dxc5 15.
Qe3 Nf4 16.Re1 b6 17.Bf1 Bg4 18.Nbd2 Rfd8 19.Nc4 Nh3+ 20.Kh1 b5 21.Nb6 Nd4
22.cxd4 cxd4 23.Qd2 Bxf3 24.gxf3 Qxf3+ 25.Bg2 Nxf2+ 26.Kg1 Nh3+ 27.Bxh3 
Rab8 28.Bg2 Qg4 29.Nd5 Rd6 30.Rac1 f5 31.Ne7+ Kh8 32.Nxf5 Rg6 33.Kh1 h5 
34.Qe2 Qg5 35.Rg1 Qf4 36.Qxh5+ Kg8 1-0